Statistiche per indovina il film

Clicka qui per fare il quiz!

Statistiche generali

  • Questo quiz è stato fatto 762 volte
  • Il punteggio medio è 8 su 15

Statistiche sulle risposte

citazionefilm% Corretto
che la forza sia con testar wars
89%
la vita è come una scatola di cioccolatiniforrest gump
75%
Verso l’infinito e oltre!toy story
74%
Metti la cera, togli la cerakarate kid
71%
Al mio segnale scatenate l'Infernoil gladiatore
66%
ti fidi di me?titanic
64%
gli farò un'offerta che non potrà rifiutareil padrino
62%
Specchio specchio delle mie brame, chi è la più bella del reame?biancaneve e i sette nani
58%
Houston, abbiamo un problemaapollo 13
52%
oh capitano mio capitanol'attimo fuggente
46%
Ohana” significa famiglia, famiglia significa che nessuno viene abbandonatolilo e stitch
39%
La felicità può essere trovata, anche nei tempi più bui, se ci si ricorda solo di accendere la luceharry potter
35%
vediamo se mi ricordo ancora come si faspace jam
29%
francamente me ne infischiovia col vento
28%
Sono solo una ragazza che sta di fronte ad un ragazzo e gli sta chiedendo di amarlanotting hill
13%

Distribuzione punteggi

Percentile per numero di risposta

Percentuale di utenti per punteggio

I tuoi punteggi nel tempo

Non hai fatto questo quiz